If I Killed Someone For You - Alec Benjamin lyrics - Statistics

General Stats
  • This quiz has been taken 430 times
  • The average score is 291 of 390
Answer Stats
Hint Answers % Correct
I
99%
so
99%
my
98%
on
98%
The
98%
the
98%
who
98%
for
97%
is
96%
a
95%
hand?
95%
killed
95%
me
95%
someone
95%
you
95%
you?
95%
Verse 5 You
95%
if
94%
that
94%
Chorus Would
94%
Verse 1 | Verse 2 I'm
90%
blood
89%
did
88%
when
88%
love
87%
in
86%
hands
85%
hold
85%
more
84%
sorry
81%
this
81%
be
77%
don't
77%
know
77%
say
74%
am
73%
one
73%
at
72%
it
70%
news?
70%
news
70%
face
68%
hear
67%
no,
67%
no
67%
same
67%
used
66%
reflection
65%
and
64%
I'll
63%
stare
62%
they
62%
her
61%
take
61%
all
60%
confession
60%
to
59%
what
59%
better
58%
Cause
58%
cause
58%
Practice
58%
case
57%
ones
57%
stand
57%
lesson
56%
man
56%
hide
55%
ask
54%
learned
54%
loose?
54%
she
54%
up
54%
down
53%
nothing
53%
packing
53%
things
52%
They're
50%
walls
50%
turn
49%
felt
46%
halls
46%
let
45%
see
45%
through
45%
walking
45%
wiping
45%
calls
43%
clothes
43%
she'll
43%
sirens
43%
it's
42%
off
42%
rinsing
42%
was
39%
flashing
38%
coming
37%
lights
36%
understand
34%
tell
33%
have
31%
but
30%
Changing
30%
look
30%
running?
30%
doorstep
28%
recognise
27%
wanted
26%
eyes
25%
show
25%
wearing
25%
Verse 4 Can't
24%
inside?
24%
place
24%
disguise
23%
doesn't
23%
need
23%
suburbs
23%
your
23%
stay
22%
driving
21%
explain
21%
Just
20%
just
20%
night
20%
please
20%
something
20%
Could
19%
lies
19%
Said
19%
wouldn't
19%
you'll
19%
gotta
15%
I've
14%
there's
13%
back
11%
everything
11%
hope
10%
asked
9%
happy
9%
direction
8%
makes
8%
turning
8%
followed
7%
hise
4%
No matching quizzes found
Score Distribution
Percent of People with Each Score
Percentile by Number Answered
Your Score History
You have not taken this quiz